000 00511nmm a2200169Ia 4500
008 251105s9999||||xx |||||||||||||||||und||
020 _a847658749X
041 _aspa
100 _aUgarte Pérez, Javier
245 0 _aLa administración de la vida
264 _a[Madrid, España] :
_bAnthropos,
_c2005
300 _a188 páginas
490 _aPensamiento crítico / Pensamiento utópico: crítica y utopía
650 _aSociology
856 _uhttps://public.digitaliapublishing.com/a/13568
942 _cCF
999 _c73353
_d73353